| 000 | 01013nam0a22002531 4500 | ||
|---|---|---|---|
| 001 | v19\rc\2086419 | ||
| 005 | 20260406005315.0 | ||
| 035 | _a(NLR Aleph) 005276698 | ||
| 090 |
_a6055835 _c6055835 |
||
| 100 | _a20081218d1913 |||y0rusy50 ca | ||
| 101 | 0 | _arus | |
| 102 | _aRU | ||
| 105 | _ay z ||||| | ||
| 200 | 1 |
_aЭкзаменационная программа по кристаллографии и минералогии _fСост. П.А. Борисовым |
|
| 210 |
_a[Санкт-Петербург] _cБюро труда слушателей Спб. с.-х. курсов _d[1913] |
||
| 215 |
_a3 c. _d17 |
||
| 309 | _aБез тит. л. и обл. | ||
| 700 | 1 |
_4220 _8rus _7ca _aБорисов _bП. А. _cд-р геол.-минерал. наук _f1878-1963 _gПетр Алексеевич _3RU\NLR\AUTH\77114793 _997718 |
|
| 801 | 0 |
_aRU _bNLR _c20081218 _gpsbo |
|
| 801 | 1 |
_aRU _bProSoft-M _c20081218 _2rusmarc |
|
| 801 | 2 |
_aRU _bNLR _c20120907 _2rusmarc |
|
| 852 |
_aNLR _j43.15.9.277 |
||
| 942 | _cBOOK | ||
| 980 | _aNB | ||